000 00410nam a2200181Ia 4500
008 151202s9999||||xx |||||||||||||| ||und||
082 _bPNVM-18194
100 _a---
245 _aTHE POLITICAL PHILOSOPHERS.
260 _b---
260 _c0
300 _a528
600 _a---
630 _aTHE POLITICAL PHILOSOPHERS.
700 _a---
730 _aTHE POLITICAL PHILOSOPHERS.
942 _cBOOK
999 _c1284178
_d1284175